000 00620nam a2200241Ia 4500
003 OSt
005 20221007071429.0
006 a|||||r|||| 00| 0
007 ta
008 221006b |||||||| |||| 00| 0 eng d
024 _a16,363
037 _cTextual
040 _aFLL
_cFLL
_beng
041 _2eng
_aeng
082 _aX8:Z3, K6
100 _aHolder E.A. Au.
_9688671
245 0 _aHouseman's law of life insurance
250 _a6th
260 _aLondon
_bButterworths London
_c1966
300 _a242p
_ccm.
942 _hX8:Z3, K6
_cTEXL
_2CC
999 _c1143323
_d1143323